Basketball on TV Shows Quiz Stats

 Plays Quiz Updated Apr 29, 2019

Score 0/20 Timer 05:00
6 Plays Today
% Correct
The Big Bang Theory
97.7%
Family Guy
95.4%
The Simpsons
94.9%
The Fresh Prince of Bel-Air
94.6%
Futurama
89.7%
Seinfeld
86.6%
M*A*S*H
85%
That '70s Show
84.9%
Mickey Mouse Clubhouse
84%
Scrubs
83%
% Correct
The Office
82.2%
Happy Days
81.1%
Star Trek: Enterprise
80.4%
Full House
78.5%
Saved by the Bell
73.9%
Brooklyn Nine-Nine
71.4%
Parks and Recreation
71%
Curb Your Enthusiasm
68.3%
Boy Meets World
66.2%
Fresh Off the Boat
45.9%

You're not logged in!

Compare scores with friends on all Sporcle quizzes.
OR
Log In

Sporcle TV

Today on Sporcle TV


Watch our educational content, quiz creation guides, and fun videos on Sporcle TV.

Show Comments

Extras

Top Quizzes Today


Score Distribution

Your Account Isn't Verified!

In order to create a playlist on Sporcle, you need to verify the email address you used during registration. Go to your Sporcle Settings to finish the process.

Report this User

Report this user for behavior that violates our Community Guidelines.

Details: